Complete the Card - WWE No Mercy 2000 - Statistics

General Stats
  • This quiz has been taken 6 times
  • The average score is 26 of 28
Answer Stats
Answer % Correct
Bubba Ray Dudley
100%
Bull Buchanan
100%
Chris Benoit
100%
Chris Jericho
100%
Chyna
100%
Dos
100%
D-Von Dudley
100%
Grandmaster Sexay
100%
Jeff Hardy
100%
Kurt Angle
100%
Matt Hardy
100%
Rikishi
100%
Scotty 2 Hotty
100%
Steven Richards
100%
Stone Cold Steve Austin
100%
The Goodfather
100%
The Rock
100%
Triple H
100%
Uno
100%
Val Venis
100%
William Regal
100%
Billy Gunn
75%
D'Lo Brown
75%
Tazz
75%
X-Pac
75%
Chaz
50%
Naked Mideon
50%
Raven
50%
No matching quizzes found
Score Distribution
Percent of People with Each Score
Percentile by Number Answered
Your Score History
You have not taken this quiz